| 000 | 00714nam a22001337a 4500 | ||
|---|---|---|---|
| 040 | _cRUA | ||
| 082 | _aLMA PLU 2015 B533 Or.1 | ||
| 100 | _aPLUK RATANA; ភ្លុក រតនា | ||
| 245 | _aStudy on establishment preliminary map to support indigenous community land rigistration in rattanakiri province; សិក្សាពីដំណើការកសាងផែនទីបឯម ដើម្បីគាំទ្រដល់ការចុះបញ្ជីដីសហគមន៏ជនបទជាតិដើម ភាគតិច ក្នុងខេត្តរតនគិរី | ||
| 260 |
_aPHNOM PENH _bPLU _c2015 |
||
| 300 |
_ax;38p. _bill. _c29cm. |
||
| 856 | _u PLUK RATANA | ||
| 942 | _cLMA | ||
| 999 |
_c10914 _d10914 |
||